[Event "Las Vegas National op"]
[Site "Las Vegas"]
[Date "2025.06.06"]
[Round "5"]
[White "Mikaelyan, Arman"]
[Black "Guo, Andrew"]
[Result "1-0"]
[WhiteElo "2501"]
[BlackElo "2234"]
[PlyCount "89"]
[EventDate "2025.06.04"]
[EventType "swiss"]
[EventRounds "9"]
[EventCountry "USA"]
[SourceTitle "CB24_2025"]
[SourceDate "2025.06.11"]
[SourceVersion "1"]
[SourceVersionDate "2025.06.11"]
[SourceQuality "1"]

1. e4 c5 2. Nf3 Nc6 3. Nc3 Nf6 4. Bb5 Qc7 5. 0-0 Nd4 6. Re1 a6 7. Bf1 Ng4 8. g3 Nxf3+ 9. Qxf3 Ne5 10. Qe2 d6 11. Bg2 e6 12. b3 Be7 13. Bb2 0-0 14. Nd1 b5 15. Ne3 Bb7 16. f4 Nd7 17. g4 Rfe8 18. g5 e5 19. Nf5 Bf8 20. Qg4 g6 21. Nh6+ Bxh6 22. gxh6 Nf6 23. Qh4 Nh5 24. f5 Qe7 25. Qxe7 Rxe7 26. Bf3 Nf4 27. Kf2 f6 28. d3 Kf7 29. Bc1 Rg8 30. Bxf4 exf4 31. Rg1 Re5 32. c4 bxc4 33. bxc4 gxf5 34. Rab1 Re7 35. Bh5+ Kf8 36. Rxg8+ Kxg8 37. exf5 Kf8 38. Rb6 Rd7 39. Bf3 Bxf3 40. Kxf3 Ke7 41. Rxa6 d5 42. cxd5 Rxd5 43. Ra7+ Kd6 44. Rxh7 Rxf5 45. Rh8 1-0

[Event "Las Vegas National op"]
[Site "Las Vegas"]
[Date "2025.06.05"]
[Round "3"]
[White "Mikaelyan, Arman"]
[Black "Petenyi, Tamas"]
[Result "1-0"]
[WhiteElo "2501"]
[BlackElo "2252"]
[PlyCount "73"]
[EventDate "2025.06.04"]
[EventType "swiss"]
[EventRounds "9"]
[EventCountry "USA"]
[SourceTitle "CB24_2025"]
[SourceDate "2025.06.11"]
[SourceVersion "1"]
[SourceVersionDate "2025.06.11"]
[SourceQuality "1"]

1. e4 g6 2. d4 Bg7 3. Nf3 c6 4. h3 d6 5. Bd3 e5 6. dxe5 dxe5 7. 0-0 Nd7 8. Nbd2 Ngf6 9. b3 0-0 10. Ba3 c5 11. Nc4 Qc7 12. Bb2 Re8 13. Re1 b5 14. Ne3 Rb8 15. c4 a6 16. a4 bxa4 17. Rxa4 Bb7 18. Nd5 Qc8 19. Bc3 Re6 20. Qa1 h6 21. Bc2 Ne8 22. Rd1 Nd6 23. Ra5 f5 24. exf5 gxf5 25. Re1 Qf8 26. Nf4 Ree8 27. Nxe5 Nxe5 28. Rxe5 Bxe5 29. Bxe5 Qe7 30. Rxc5 Nxc4 31. Bxb8 Qxc5 32. Nh5 Re7 33. bxc4 Qc6 34. Nf6+ Kf7 35. Nd5 Re6 36. Bxf5 Re2 37. Bg4 1-0

[Event "Southern California-ch"]
[Site "Van Nuys"]
[Date "2025.05.26"]
[Round "6"]
[White "Rostomyan, Mikayel"]
[Black "Mikaelyan, Arman"]
[Result "1/2-1/2"]
[WhiteElo "2325"]
[BlackElo "2492"]
[PlyCount "34"]
[EventDate "2025.05.23"]
[EventType "tourn"]
[EventRounds "7"]
[EventCountry "USA"]
[EventCategory "10"]
[SourceTitle "CB22_2025"]
[SourceDate "2025.05.28"]
[SourceVersion "1"]
[SourceVersionDate "2025.05.28"]
[SourceQuality "1"]

1. d4 Nf6 2. Nf3 e6 3. g3 d5 4. c4 Be7 5. Bg2 0-0 6. 0-0 c6 7. Qc2 b6 8. Rd1 Nbd7 9. b3 Ba6 10. Nbd2 c5 11. e4 cxd4 12. Nxd4 Rc8 13. exd5 exd5 14. a4 Bc5 15. Bb2 Re8 16. Qf5 Ne5 17. N2f3 Ng6 1/2-1/2

[Event "Southern California-ch"]
[Site "Van Nuys"]
[Date "2025.05.25"]
[Round "4"]
[White "Mikaelyan, Arman"]
[Black "Shlyakhtenko, Robert"]
[Result "1/2-1/2"]
[WhiteElo "2492"]
[BlackElo "2442"]
[PlyCount "51"]
[EventDate "2025.05.23"]
[EventType "tourn"]
[EventRounds "7"]
[EventCountry "USA"]
[EventCategory "10"]
[SourceTitle "CB22_2025"]
[SourceDate "2025.05.28"]
[SourceVersion "1"]
[SourceVersionDate "2025.05.28"]
[SourceQuality "1"]

1. Nf3 d5 2. d4 e6 3. c4 Nf6 4. Nc3 c6 5. Bg5 h6 6. Bxf6 Qxf6 7. e3 Nd7 8. Be2 dxc4 9. Bxc4 g6 10. 0-0 Bg7 11. a4 a5 12. Qe2 0-0 13. Rfd1 b6 14. e4 Bb7 15. e5 Qe7 16. Qe4 Rab8 17. Qg4 Rfd8 18. Re1 Nf8 19. Ne4 c5 20. dxc5 Nd7 21. Qf4 Nxc5 22. Nf6+ Kf8 23. Nh7+ Kg8 24. Nf6+ Kf8 25. Nh7+ Kg8 26. Nf6+ 1/2-1/2

[Event "Chess.com Classic Play In"]
[Site "Chess.com INT"]
[Date "2025.05.19"]
[Round "4"]
[White "Tari, Aryan"]
[Black "Mikaelyan, Arman"]
[Result "1-0"]
[WhiteElo "2636"]
[BlackElo "2492"]
[PlyCount "103"]
[EventDate "2025.05.19"]
[EventType "swiss (blitz)"]
[EventRounds "9"]
[EventCountry "USA"]
[SourceTitle "CB21_2025"]
[SourceDate "2025.05.21"]
[SourceVersion "1"]
[SourceVersionDate "2025.05.21"]
[SourceQuality "1"]

1. e4 c5 2. Nf3 d6 3. Nc3 Nf6 4. h3 g6 5. d4 cxd4 6. Nxd4 Bg7 7. Be3 0-0 8. Qd2 Nc6 9. 0-0-0 Bd7 10. g4 Rc8 11. Be2 Nxd4 12. Bxd4 b5 13. g5 b4 14. gxf6 bxc3 15. Bxc3 exf6 16. Qxd6 Rxc3 17. bxc3 Qa5 18. Rd3 Qxa2 19. Kd2 Bb5 20. Re3 Bxe2 21. Kxe2 f5 22. e5 f4 23. Rd3 Qxc2+ 24. Kf3 Bxe5 25. Qd5 Bc7 26. Re1 Bb6 27. Re2 Qc1 28. Kg2 a5 29. Qc6 Qb1 30. Rf3 a4 31. Qxa4 Qf5 32. Qxf4 Qd7 33. c4 Bc7 34. Qd2 Qc6 35. Qd5 Qxd5 36. cxd5 Bd6 37. Rc3 Rd8 38. Rc6 Kg7 39. Kf3 Bf8 40. Rd2 h5 41. d6 Rd7 42. Ke4 Kf6 43. Kd5 Kg5 44. Ra6 Kh4 45. Rd3 g5 46. Ke5 g4 47. hxg4 hxg4 48. Kf5 Rb7 49. d7 Rb5+ 50. Kf6 Bh6 51. Kxf7 Bg5 52. Rf6 1-0

[Event "Chessable Masters Play In"]
[Site "Chess.com INT"]
[Date "2025.02.17"]
[Round "2"]
[White "Martirosyan, Haik M"]
[Black "Mikaelyan, Arman"]
[Result "1-0"]
[WhiteElo "2645"]
[BlackElo "2497"]
[PlyCount "83"]
[EventDate "2025.02.17"]
[EventType "swiss (blitz)"]
[EventRounds "9"]
[EventCountry "USA"]
[SourceTitle "CB08_2025"]
[SourceDate "2025.02.19"]
[SourceVersion "1"]
[SourceVersionDate "2025.02.19"]
[SourceQuality "1"]

1. d4 d5 2. c4 c6 3. Nf3 Nf6 4. Nc3 e6 5. Bg5 h6 6. Bxf6 Qxf6 7. e3 Nd7 8. Be2 g6 9. 0-0 dxc4 10. Bxc4 Bg7 11. Re1 0-0 12. e4 Qe7 13. e5 Rd8 14. Qe2 b5 15. Bd3 Rb8 16. Rac1 c5 17. d5 c4 18. d6 Qf8 19. Bc2 Bb7 20. Be4 Bxe4 21. Qxe4 Nc5 22. Qe3 Nd3 23. Rcd1 Nxe1 24. Qxe1 b4 25. Ne4 Qe8 26. Qe3 Qc6 27. h4 Qb6 28. Qf4 c3 29. bxc3 bxc3 30. Nxc3 Qb4 31. Ne4 Qb2 32. Rd4 Qa1+ 33. Kh2 Rb5 34. Nf6+ Kh8 35. Ng4 Rb1 36. Nxh6 Rh1+ 37. Kg3 Bxh6 38. Qxh6+ Kg8 39. Qg5 Rd7 40. Rc4 Kh7 41. Qf4 Qd1 42. Ng5+ 1-0

[Event "Chessable Masters Play In"]
[Site "Chess.com INT"]
[Date "2025.02.17"]
[Round "4"]
[White "Mikaelyan, Arman"]
[Black "Eljanov, Pavel"]
[Result "1-0"]
[WhiteElo "2497"]
[BlackElo "2658"]
[PlyCount "75"]
[EventDate "2025.02.17"]
[EventType "swiss (blitz)"]
[EventRounds "9"]
[EventCountry "USA"]
[SourceTitle "CB08_2025"]
[SourceDate "2025.02.19"]
[SourceVersion "1"]
[SourceVersionDate "2025.02.19"]
[SourceQuality "1"]

1. e4 e5 2. Nf3 Nc6 3. Bb5 a6 4. Ba4 Nf6 5. d4 exd4 6. 0-0 Be7 7. e5 Ne4 8. Nxd4 0-0 9. Re1 Nxd4 10. Qxd4 Nc5 11. Bb3 d6 12. Bf4 Nxb3 13. cxb3 d5 14. Nc3 Be6 15. Rad1 c5 16. Qd3 d4 17. Ne4 b6 18. Qg3 Kh8 19. Nd6 a5 20. a3 Qd7 21. b4 axb4 22. axb4 Ra2 23. bxc5 bxc5 24. b4 cxb4 25. Rxd4 Qa4 26. h4 Ra1 27. Qe3 Qa3 28. Kh2 Rxe1 29. Qxe1 b3 30. Qb4 Qa7 31. Be3 Qb8 32. Nxf7+ Bxf7 33. Qxe7 Kg8 34. Rb4 b2 35. Rxb8 Rxb8 36. e6 Bxe6 37. Bd4 Bf7 38. Qe5 1-0

[Event "Chessable Masters Play In"]
[Site "Chess.com INT"]
[Date "2025.02.17"]
[Round "7"]
[White "Mikaelyan, Arman"]
[Black "Santos Latasa, Jaime"]
[Result "0-1"]
[WhiteElo "2497"]
[BlackElo "2631"]
[PlyCount "182"]
[EventDate "2025.02.17"]
[EventType "swiss (blitz)"]
[EventRounds "9"]
[EventCountry "USA"]
[SourceTitle "CB08_2025"]
[SourceDate "2025.02.19"]
[SourceVersion "1"]
[SourceVersionDate "2025.02.19"]
[SourceQuality "1"]

1. d4 Nf6 2. c4 e6 3. Nc3 d5 4. cxd5 exd5 5. Bf4 Bd6 6. Bxd6 Qxd6 7. e3 Bf5 8. Nge2 Nbd7 9. Ng3 Bg6 10. h4 Ne4 11. Ngxe4 Bxe4 12. Rc1 c6 13. h5 h6 14. Qb3 Rb8 15. Nxe4 dxe4 16. Rh4 Qe7 17. Rf4 0-0 18. Qa3 Qxa3 19. bxa3 Rfe8 20. g4 Rbc8 21. a4 Rc7 22. a5 a6 23. Bc4 Nf6 24. Bb3 Kf8 25. Rc5 Nh7 26. d5 Ng5 27. dxc6 Rxc6 28. Rxc6 bxc6 29. Rf5 Rd8 30. Ke2 Ke7 31. Rc5 Kd6 32. Rc2 Rb8 33. Bc4 Rb1 34. Rd2+ Kc5 35. Bxa6 Nf3 36. Rd1 Rb2+ 37. Kf1 Rxa2 38. Be2 Rxa5 39. Bxf3 exf3 40. Kg1 Ra4 41. Rd7 Rxg4+ 42. Kf1 f5 43. Rf7 Rg5 44. Ke1 Kd5 45. Kd2 Ke6 46. Rc7 Rg2 47. Rxc6+ Kd5 48. Ra6 Rxf2+ 49. Kd3 Rg2 50. Ra5+ Ke6 51. e4 fxe4+ 52. Kxe4 f2 53. Re5+ Kd6 54. Rd5+ Ke7 55. Re5+ Kf7 56. Rf5+ Kg8 57. Ke3 Rh2 58. Ke2 Kh7 59. Kf1 Kg8 60. Ke2 Rg2 61. Kf1 Rg5 62. Rxg5 hxg5 63. Kxf2 Kh7 64. Kg3 Kh6 65. Kg4 g6 66. hxg6 Kxg6 67. Kg3 Kf5 68. Kf3 g4+ 69. Kg3 Kg5 70. Kg2 Kf4 71. Kf2 Ke5 72. Kg3 Kf5 73. Kg2 Kg6 74. Kg3 Kh5 75. Kg2 Kh4 76. Kh2 g3+ 77. Kg2 Kg4 78. Kg1 Kf5 79. Kg2 Kf4 80. Kg1 Kg5 81. Kg2 Kh4 82. Kg1 Kg4 83. Kg2 Kh4 84. Kg1 Kh3 85. Kh1 Kh4 86. Kg2 Kg4 87. Kg1 Kf3 88. Kf1 Ke4 89. Kg2 Kf4 90. Kg1 Ke3 91. Kf1 Kf4 0-1

[Event "Chessable Masters Play In"]
[Site "Chess.com INT"]
[Date "2025.02.17"]
[Round "8"]
[White "Svane, Rasmus"]
[Black "Mikaelyan, Arman"]
[Result "0-1"]
[WhiteElo "2621"]
[BlackElo "2497"]
[PlyCount "140"]
[EventDate "2025.02.17"]
[EventType "swiss (blitz)"]
[EventRounds "9"]
[EventCountry "USA"]
[SourceTitle "CB08_2025"]
[SourceDate "2025.02.19"]
[SourceVersion "1"]
[SourceVersionDate "2025.02.19"]
[SourceQuality "1"]

1. Nf3 Nf6 2. g3 g6 3. Bg2 Bg7 4. 0-0 0-0 5. d4 d6 6. Re1 d5 7. c3 a5 8. a4 c5 9. Bf4 Ne4 10. Na3 Nc6 11. Nb5 cxd4 12. cxd4 Qb6 13. Bc7 Qa6 14. Be5 Bxe5 15. Nxe5 Qb6 16. e3 Nxe5 17. dxe5 Be6 18. Qd4 Qxd4 19. exd4 Rfc8 20. Rac1 Rc6 21. Bxe4 dxe4 22. Nc3 Rd8 23. Rxe4 Rc4 24. Rd1 Bf5 25. Rf4 Bc2 26. Rd2 Bxa4 27. Kf1 Bb3 28. Ke2 a4 29. Ke3 a3 30. d5 a2 31. Nxa2 Bxa2 32. Rxc4 Bxc4 33. Ke4 f5+ 34. exf6 exf6 35. Rd4 Re8+ 36. Kf3 Ba6 37. d6 Kf7 38. h4 Rd8 39. h5 gxh5 40. Kf4 Ke6 41. Re4+ Kxd6 42. Re3 Kc5 43. Kf5 Rd6 44. Rc3+ Kb4 45. Rc7 Bd3+ 46. Kf4 b5 47. Rc3 Bg6 48. f3 Rd4+ 49. Ke3 Rc4 50. Ra3 Rc2 51. Ra6 Rxb2 52. Rxf6 Rb1 53. f4 Rf1 54. Ke2 Rg1 55. f5 Rxg3 56. fxg6 hxg6 57. Kf2 Rg4 58. Rc6 Ka3 59. Kf3 b4 60. Ra6+ Kb2 61. Kf2 b3 62. Ke3 h4 63. Ra8 Rg3+ 64. Kf2 g5 65. Rc8 Rc3 66. Rg8 Kc2 67. Rxg5 b2 68. Rg7 b1Q 69. Rg1 Qxg1+ 70. Ke2 Re3# 0-1

[Event "Titled Tuesday intern op 04th Feb Late"]
[Site "Chess.com INT"]
[Date "2025.02.04"]
[Round "4"]
[White "Mikaelyan, Arman"]
[Black "Magallanes, Rey Jomar"]
[Result "1-0"]
[WhiteElo "2497"]
[BlackElo "2043"]
[PlyCount "35"]
[EventDate "2025.02.04"]
[EventType "swiss (blitz)"]
[EventRounds "11"]
[EventCountry "USA"]
[SourceTitle "CB07_2025"]
[SourceDate "2025.02.12"]
[SourceVersion "1"]
[SourceVersionDate "2025.02.12"]
[SourceQuality "1"]

1. h3 h6 2. a3 a6 3. e3 e6 4. d4 d5 5. Nf3 Nf6 6. c4 c5 7. Nc3 Nc6 8. dxc5 dxc4 9. Qxd8+ Nxd8 10. Bxc4 Bxc5 11. b4 Ba7 12. Bb2 0-0 13. Ke2 b5 14. Bd3 Bb7 15. Rac1 Rc8 16. Rhd1 Nd5 17. Nxd5 Bxd5 18. Rxc8 1-0

[Event "Titled Tuesday intern op 04th Feb Late"]
[Site "Chess.com INT"]
[Date "2025.02.04"]
[Round "3"]
[White "Sailer, Mike L"]
[Black "Mikaelyan, Arman"]
[Result "1/2-1/2"]
[WhiteElo "2108"]
[BlackElo "2497"]
[PlyCount "84"]
[EventDate "2025.02.04"]
[EventType "swiss (blitz)"]
[EventRounds "11"]
[EventCountry "USA"]
[SourceTitle "CB07_2025"]
[SourceDate "2025.02.12"]
[SourceVersion "1"]
[SourceVersionDate "2025.02.12"]
[SourceQuality "1"]

1. d4 d6 2. Nf3 Nf6 3. Bf4 g6 4. e3 Bg7 5. Be2 0-0 6. h3 Nfd7 7. 0-0 e5 8. Bh2 f5 9. c4 e4 10. Nfd2 Nf6 11. Nc3 Nc6 12. Rb1 a5 13. a3 Ne7 14. b4 axb4 15. axb4 Be6 16. Nb3 g5 17. Qc2 Ng6 18. d5 Bd7 19. Nd4 Qe7 20. Ncb5 Rac8 21. Ra1 f4 22. exf4 gxf4 23. f3 e3 24. Ra7 Nh5 25. Rxb7 Qg5 26. Kh1 Nh4 27. Bd3 Rfe8 28. Ne6 Rxe6 29. dxe6 Bxe6 30. Rxc7 Rxc7 31. Nxc7 Bf5 32. Bxf5 Nxf5 33. Re1 Nhg3+ 34. Bxg3 Nxg3+ 35. Kh2 Nf5 36. Re2 Nd4 37. Qe4 h5 38. Ra2 Qg3+ 39. Kh1 Qe1+ 40. Kh2 Qg3+ 41. Kh1 Qe1+ 42. Kh2 Qg3+ 1/2-1/2

[Event "Titled Tuesday intern op 28th Jan Early"]
[Site "Chess.com INT"]
[Date "2025.01.28"]
[Round "9"]
[White "Mikaelyan, Arman"]
[Black "Sklokin, Sergey"]
[Result "1-0"]
[WhiteElo "2495"]
[BlackElo "2338"]
[PlyCount "105"]
[EventDate "2025.01.28"]
[EventType "swiss (blitz)"]
[EventRounds "11"]
[EventCountry "USA"]
[SourceTitle "CB06_2025"]
[SourceDate "2025.02.05"]
[SourceVersion "1"]
[SourceVersionDate "2025.02.05"]
[SourceQuality "1"]

1. Nf3 c5 2. g3 b6 3. Bg2 Bb7 4. 0-0 g6 5. c4 Nf6 6. Nc3 Bg7 7. d4 cxd4 8. Qxd4 0-0 9. Qh4 h5 10. Bg5 d6 11. Rad1 Nbd7 12. Nd5 Nxd5 13. cxd5 Nf6 14. Nd4 Bxd5 15. Bxd5 Nxd5 16. Nc6 Qd7 17. Nxe7+ Nxe7 18. Bxe7 Rfe8 19. Bxd6 Rxe2 20. Be5 Qf5 21. Bxg7 Kxg7 22. Qc4 Rae8 23. Rd5 Qf6 24. b4 h4 25. Rd7 h3 26. Qd5 Rxf2 27. Qd1 Ree2 28. Qxe2 Rxe2 29. Rxf6 Kxf6 30. Rxa7 Rg2+ 31. Kh1 Rb2 32. Kg1 Rxb4 33. Rb7 g5 34. Kf2 g4 35. Ke3 Ke6 36. a3 Rb2 37. Kf4 f5 38. a4 Rxh2 39. Rxb6+ Kd5 40. Kxf5 Ra2 41. Kxg4 Rxa4+ 42. Kxh3 Ke5 43. g4 Kf4 44. Kh4 Ra8 45. Rf6+ Ke5 46. g5 Rh8+ 47. Kg4 Rh1 48. Rf8 Ke6 49. g6 Ke7 50. Rf3 Rg1+ 51. Kh5 Rh1+ 52. Kg5 Rg1+ 53. Kh6 1-0

[Event "Titled Tuesday intern op 21st Jan Late"]
[Site "Chess.com INT"]
[Date "2025.01.21"]
[Round "11"]
[White "Bluebaum, Matthias"]
[Black "Mikaelyan, Arman"]
[Result "1-0"]
[WhiteElo "2643"]
[BlackElo "2495"]
[PlyCount "161"]
[EventDate "2025.01.21"]
[EventType "swiss (blitz)"]
[EventRounds "11"]
[EventCountry "USA"]
[SourceTitle "CB05_2025"]
[SourceDate "2025.01.29"]
[SourceVersion "1"]
[SourceVersionDate "2025.01.29"]
[SourceQuality "1"]

1. d4 Nf6 2. c4 g6 3. Nc3 Bg7 4. e4 d6 5. Be2 0-0 6. Nf3 e5 7. Be3 Na6 8. 0-0 Qe7 9. dxe5 dxe5 10. Nd5 Qd8 11. Qc2 c6 12. Nxf6+ Bxf6 13. c5 Nc7 14. h3 Ne6 15. Rfd1 Nd4 16. Bxd4 exd4 17. e5 Bg7 18. Rxd4 Qe7 19. Re1 Be6 20. b4 Rfd8 21. Rd6 Bd5 22. Qd3 Bxa2 23. Qd4 Bd5 24. Qf4 a5 25. bxa5 Rxa5 26. Qb4 Raa8 27. Qb6 Re8 28. Rxd5 cxd5 29. Bb5 Rec8 30. e6 fxe6 31. Rxe6 Qf8 32. c6 Ra1+ 33. Ne1 bxc6 34. Bxc6 Rb8 35. Qc7 Rbb1 36. Bxd5 Kh8 37. Be4 Rxe1+ 38. Kh2 Rh1+ 39. Kg3 Ra3+ 40. f3 Ra8 41. Bxa8 Qxa8 42. Qd7 Qb8+ 43. f4 Qg8 44. Re8 Bf8 45. Qd4+ Bg7 46. Rxg8+ Kxg8 47. Qd5+ Kf8 48. Qa8+ Kf7 49. Qb7+ Kf8 50. Qc8+ Kf7 51. Qd7+ Kf8 52. Kf2 Kg8 53. Qe8+ Bf8 54. Qe6+ Kg7 55. Qe5+ Kg8 56. f5 gxf5 57. Qxf5 h6 58. Qg6+ Bg7 59. Qe6+ Kh8 60. Qe8+ Kh7 61. Qe4+ Kh8 62. h4 Ra1 63. g3 Ra2+ 64. Kf3 Ra3+ 65. Kg2 Ra2+ 66. Kh3 Ra1 67. Qd5 Kh7 68. Qd3+ Kh8 69. Qd8+ Kh7 70. Qd7 Kh8 71. Kg4 Kh7 72. Qf5+ Kh8 73. Qe6 Kh7 74. Qe4+ Kh8 75. Qd3 Kg8 76. Kh5 Kf7 77. Qd5+ Kf8 78. Kg6 Ra6+ 79. Kh7 Ra7 80. Qg8+ Ke7 81. Qxg7+ 1-0

[Event "Titled Tuesday intern op 21st Jan Late"]
[Site "Chess.com INT"]
[Date "2025.01.21"]
[Round "4"]
[White "Mikaelyan, Arman"]
[Black "Nihal, Sarin"]
[Result "0-1"]
[WhiteElo "2495"]
[BlackElo "2687"]
[PlyCount "72"]
[EventDate "2025.01.21"]
[EventType "swiss (blitz)"]
[EventRounds "11"]
[EventCountry "USA"]
[SourceTitle "CB05_2025"]
[SourceDate "2025.01.29"]
[SourceVersion "1"]
[SourceVersionDate "2025.01.29"]
[SourceQuality "1"]

1. d4 Nf6 2. c4 g6 3. Nc3 Bg7 4. e4 d6 5. Be2 0-0 6. Nf3 Bg4 7. Ng1 Bd7 8. Nf3 c5 9. d5 b5 10. cxb5 a6 11. bxa6 Nxa6 12. 0-0 Nc7 13. Nd2 Qb8 14. Nc4 Nb5 15. Nxb5 Bxb5 16. Qc2 Nd7 17. Bg5 Re8 18. a4 Ba6 19. Ra3 Qc7 20. Rh3 e6 21. dxe6 Rxe6 22. Bg4 Bxc4 23. Qxc4 Ne5 24. Qd5 Ree8 25. Bd1 c4 26. Bh6 Bxh6 27. Rxh6 Rab8 28. Qd2 Nd3 29. b3 Rxe4 30. bxc4 Qxc4 31. Bf3 Rb2 32. Qg5 Re5 33. Qf6 Rxf2 34. Rxf2 Qc1+ 35. Rf1 Qe3+ 36. Kh1 Nf2+ 0-1

[Event "Titled Tuesday intern op 21st Jan Late"]
[Site "Chess.com INT"]
[Date "2025.01.21"]
[Round "5"]
[White "Spata, German"]
[Black "Mikaelyan, Arman"]
[Result "0-1"]
[WhiteElo "2398"]
[BlackElo "2495"]
[PlyCount "50"]
[EventDate "2025.01.21"]
[EventType "swiss (blitz)"]
[EventRounds "11"]
[EventCountry "USA"]
[SourceTitle "CB05_2025"]
[SourceDate "2025.01.29"]
[SourceVersion "1"]
[SourceVersionDate "2025.01.29"]
[SourceQuality "1"]

1. d4 Nf6 2. e3 b6 3. f4 Bb7 4. Nf3 g6 5. Bd3 Bg7 6. 0-0 0-0 7. c3 d6 8. Qe2 Nbd7 9. Nbd2 e5 10. fxe5 dxe5 11. Bc4 exd4 12. exd4 c5 13. Ng5 cxd4 14. cxd4 Rc8 15. Bb3 Nd5 16. Nde4 Bxd4+ 17. Kh1 Nc5 18. Rd1 Nxe4 19. Nxe4 Bg7 20. Bg5 Qd7 21. Rxd5 Bxd5 22. Rd1 Rfe8 23. Rxd5 Qe6 24. Rd4 Qe5 25. Nf6+ Qxf6 0-1

[Event "North American op 34th"]
[Site "Las Vegas"]
[Date "2024.12.29"]
[Round "8"]
[White "Cardoso Cardoso, Jose Gabriel"]
[Black "Mikaelyan, Arman"]
[Result "1/2-1/2"]
[WhiteElo "2516"]
[BlackElo "2507"]
[PlyCount "96"]
[EventDate "2024.12.26"]
[EventType "swiss"]
[EventRounds "9"]
[EventCountry "USA"]
[SourceTitle "CB02_2025"]
[SourceDate "2025.01.08"]
[SourceVersion "1"]
[SourceVersionDate "2025.01.08"]
[SourceQuality "1"]

1. e4 c5 2. Nf3 e6 3. d4 cxd4 4. Nxd4 Nc6 5. Nc3 Bc5 6. Nxc6 bxc6 7. e5 Qc7 8. f4 d5 9. exd6 Bxd6 10. Ne4 Be7 11. Bd3 Nf6 12. Qe2 0-0 13. 0-0 c5 14. Nd2 Bb7 15. Nc4 Nd5 16. Bd2 Bf6 17. Rad1 Nb4 18. Be4 Rad8 19. c3 Bxe4 20. Qxe4 Nd5 21. f5 Rfe8 22. fxe6 Rxe6 23. Qf3 Qe7 24. Bc1 Nb6 25. Ne3 Rxd1 26. Rxd1 g6 27. Ng4 Bg7 28. Rf1 f5 29. Nh6+ Kh8 30. Bg5 Bf6 31. Bxf6+ Rxf6 32. g4 Kg7 33. Qg3 f4 34. Rxf4 Qe5 35. Rf3 Nc4 36. Rxf6 Qxg3+ 37. hxg3 Kxf6 38. b4 cxb4 39. cxb4 Ne5 40. b5 Kg7 41. g5 Nf3+ 42. Kg2 Nxg5 43. Ng4 Ne4 44. Ne5 Nc3 45. a4 Nxa4 46. Nc6 Kf6 47. Nxa7 Nb6 48. Nc6 h5 1/2-1/2

[Event "Saint Louis Masters op"]
[Site "Saint Louis"]
[Date "2024.12.06"]
[Round "8"]
[White "Mikaelyan, Arman"]
[Black "Adewumi, Tanitoluwa"]
[Result "1/2-1/2"]
[WhiteElo "2507"]
[BlackElo "2349"]
[PlyCount "118"]
[EventDate "2024.12.03"]
[EventType "swiss"]
[EventRounds "9"]
[EventCountry "USA"]
[SourceTitle "CB50_2024"]
[SourceDate "2024.11.01"]
[SourceVersion "1"]
[SourceVersionDate "2024.11.01"]
[SourceQuality "2"]

1. Nf3 Nf6 2. c4 e6 3. g3 b6 4. Bg2 Bb7 5. d4 Be7 6. 0-0 0-0 7. Re1 h6 8. Nc3 Bb4 9. Bd2 d6 10. b3 Nbd7 11. Qc2 Bxc3 12. Bxc3 Be4 13. Qb2 c5 14. dxc5 dxc5 15. Rad1 Qe7 16. Qd2 Rfd8 17. Qf4 Bc6 18. e4 Ne8 19. h4 f6 20. e5 f5 21. g4 fxg4 22. Qxg4 Nf8 23. Bd2 Kh8 24. Qh5 Rd7 25. Be3 Qf7 26. Qg4 Rxd1 27. Rxd1 Qg6 28. Qxg6 Nxg6 29. h5 Nf8 30. Nh4 Bxg2 31. Kxg2 Kh7 32. Kf3 Rc8 33. Ke4 Rc7 34. Rd8 Re7 35. f4 g6 36. Bf2 gxh5 37. Bg3 Kg8 38. f5 exf5+ 39. Nxf5 Re6 40. Ra8 Nf6+ 41. Kf3 Ng4 42. Rxa7 Ng6 43. Ke4 Nf6+ 44. Kf3 Ng4 45. Rb7 N4xe5+ 46. Bxe5 Nxe5+ 47. Kg3 Nf7 48. Ne7+ Kg7 49. Nd5 Re4 50. a4 Rg4+ 51. Kf3 Kf8 52. Rxb6 Ng5+ 53. Kf2 h4 54. Ne3 Rf4+ 55. Ke2 Kg7 56. Rb7+ Kg6 57. Rb6+ Kg7 58. Rb7+ Kg6 59. Rb6+ Kg7 1/2-1/2

[Event "Saint Louis Masters op"]
[Site "Saint Louis"]
[Date "2024.12.04"]
[Round "3"]
[White "Theodorou, Nikolas"]
[Black "Mikaelyan, Arman"]
[Result "1-0"]
[WhiteElo "2600"]
[BlackElo "2507"]
[PlyCount "163"]
[EventDate "2024.12.03"]
[EventType "swiss"]
[EventRounds "9"]
[EventCountry "USA"]
[SourceTitle "CB50_2024"]
[SourceDate "2024.11.01"]
[SourceVersion "1"]
[SourceVersionDate "2024.11.01"]
[SourceQuality "2"]

1. Nf3 Nf6 2. c4 g6 3. Nc3 Bg7 4. d4 0-0 5. e4 d6 6. Be2 e5 7. 0-0 h6 8. dxe5 dxe5 9. Be3 Qxd1 10. Rfxd1 Re8 11. Nd5 Nxd5 12. cxd5 c6 13. Rac1 Bd7 14. Nd2 Rd8 15. Bc5 Na6 16. Be7 Rdc8 17. Nc4 cxd5 18. exd5 e4 19. b3 f5 20. Nd6 Rxc1 21. Rxc1 Bb2 22. Rc2 Bd4 23. Nxb7 Re8 24. Bd6 Nb8 25. Nc5 Rc8 26. Kf1 Be8 27. Rc4 Ba1 28. Nxe4 Rd8 29. Be7 Rxd5 30. Rc8 Kf7 31. Bc4 Bb5 32. Nd6+ Kxe7 33. Nxb5 Rd8 34. Nxa7 Rxc8 35. Nxc8+ Kd7 36. Nb6+ Kd6 37. Bf7 g5 38. Nc4+ Ke7 39. Bd5 Nd7 40. Ke2 Ne5 41. Ne3 Kf6 42. Nc2 Bc3 43. Bb7 Nd7 44. Ne3 Nb6 45. Kd3 Be1 46. f3 Ke5 47. Nc4+ Nxc4 48. Kxc4 Kd6 49. Bc8 f4 50. b4 Kc7 51. Bf5 Kc6 52. Bg6 Bd2 53. a4 Be1 54. Be4+ Kd6 55. Kb5 Kc7 56. a5 Bd2 57. Bg6 Be1 58. Be8 Bd2 59. Ka4 Kd6 60. Bg6 Be1 61. Be4 Bd2 62. Bh7 Be1 63. Kb3 Bd2 64. Bg8 Be1 65. Kc4 Bd2 66. Kb5 Kc7 67. Ba2 Be1 68. Bb1 Bd2 69. Ka4 Kd6 70. Bd3 Be1 71. Bf1 Bd2 72. Kb5 Kc7 73. g4 fxg3 74. hxg3 h5 75. Ka4 g4 76. f4 h4 77. gxh4 Bxf4 78. h5 g3 79. Bg2 Bd2 80. b5 Kd6 81. a6 Be3 82. h6 1-0